000 00916nam a2200265Ia 4500
003 OSt
005 20221005112512.0
006 a|||||r|||| 00| 0
007 ta
008 221004b |||||||| |||| 00| 0 pan d
020 _a9789352040155 (hbk)
_cINR 200.00
024 _a39097
037 _b1029, 12/03/2018, H.K. Prakashan
_cTextual
040 _aCRL
_cCRL
_bpan
041 _2pan
_apan
082 _aO153,1NSI7x, Q5
100 _aਸਿੰਘ, ਯੋਧ, ਂਚ.
245 0 _aਲੋਆਂ ਦੇ ਲਾਮ ਲFਕਰੋ
260 _aਚੰਡੀਗੜ
_bਲੋਕਗੀਤ ਪ੍ਰਕਾFਨ ਭਾਰਤ
_c2015
300 _a146ਪ0
_ccm.
650 _a ਪੰਜਾਬੀ ਕਾਵਿ
650 _aਪੰਜਾਬੀ ਸਾਹਿਤ
942 _hO153,1NSI7x, Q5
_cTEXL
_2cc
999 _c1025081
_d1025081